Transpositions (Record no. 67217)
[ view plain ]
| 000 -LEADER | |
|---|---|
| fixed length control field | 01654nam a2200253Ii 4500 |
| 008 - FIXED-LENGTH DATA ELEMENTS--GENERAL INFORMATION | |
| fixed length control field | 221202s xx 000 0 und d |
| 100 1# - MAIN ENTRY--PERSONAL NAME | |
| Personal name | Arlander, Annette, |
| Relator term | author |
| 245 #0 - TITLE STATEMENT | |
| Title | Transpositions |
| 246 ## - VARYING FORM OF TITLE | |
| Title proper/short title | Aesthetico-Epistemic Operators in Artistic Research |
| 264 ## - PRODUCTION, PUBLICATION, DISTRIBUTION, MANUFACTURE, AND COPYRIGHT NOTICE | |
| Name of producer, publisher, distributor, manufacturer | Leuven University Press |
| Date of production, publication, distribution, manufacture, or copyright notice | 2018 |
| 300 ## - PHYSICAL DESCRIPTION | |
| Extent | 1 online resource |
| 336 ## - CONTENT TYPE | |
| Content type term | text |
| Content type code | txt |
| Source | rdacontent |
| 337 ## - MEDIA TYPE | |
| Media type term | computer |
| Media type code | c |
| Source | rdamedia |
| 338 ## - CARRIER TYPE | |
| Carrier type term | online resource |
| Carrier type code | cr |
| Source | rdacarrier |
| 520 ## - SUMMARY, ETC. | |
| Summary, etc. | Research leads to new insights rupturing the existent fabric of knowledge. Situated in the still evolving field of artistic research, this book investigates a fundamental quality of this process. Building on the lessons of deconstruction, artistic research invents new modes of epistemic relationships that include aesthetic dimensions. Under the heading transposition, seventeen artists, musicians, and theorists explain how one thing may turn into another in a spatio-temporal play of identity and difference that has the power to expand into the unknown. By connecting materially concrete positions in a way familiar to artists, this book shows how moves can be made between established positions and completely new ground. In doing so, research changes from a process that expands knowledge to one that creatively reinvents it. |
| 653 ## - INDEX TERM--UNCONTROLLED | |
| Uncontrolled term | Instruction & Study |
| 653 ## - INDEX TERM--UNCONTROLLED | |
| Uncontrolled term | Music |
| 653 ## - INDEX TERM--UNCONTROLLED | |
| Uncontrolled term | Music |
| 653 ## - INDEX TERM--UNCONTROLLED | |
| Uncontrolled term | Philosophy & Social Aspects |
| 700 1# - ADDED ENTRY--PERSONAL NAME | |
| Personal name | Braidotti, Rosi |
| 700 1# - ADDED ENTRY--PERSONAL NAME | |
| Personal name | de Assis, Paulo |
| 856 ## - ELECTRONIC LOCATION AND ACCESS | |
| Uniform Resource Identifier | <a href="https://library.oapen.org/bitstream/20.500.12657/50642/1/external_content.pdfhttps://library.oapen.org/handle/20.500.12657/50642">https://library.oapen.org/bitstream/20.500.12657/50642/1/external_content.pdfhttps://library.oapen.org/handle/20.500.12657/50642</a> |
| 942 ## - ADDED ENTRY ELEMENTS (KOHA) | |
| Koha item type | E-Book |
| Withdrawn status | Damaged status | Not for loan | Home library | Current library | Date acquired | Total Checkouts | Date last seen | Price effective from | Koha item type |
|---|---|---|---|---|---|---|---|---|---|
| Directory of Open Access Books | Directory of Open Access Books | 11/28/2022 | 11/28/2022 | 11/28/2022 | E-Book |